مر ز ا محمد ہا د ی ر سو ا کا سما جی وثقا فتی شعو ر (Record no. 182567)

MARC details
000 -LEADER
fixed length control field 00716nam a22001937a 4500
005 - DATE AND TIME OF LATEST TRANSACTION
control field 20211123104439.0
010 ## - LCCN (DPL NO)
LC control number UR-11340
020 ## - INTERNATIONAL STANDARD BOOK NUMBER
Terms of availability 227.00
International Standard Book Number 9789390533985
035 ## - SYSTEM CONTROL NUMBER
System control number U-9895
037 ## - SOURCE OF ACQUISITION
Source of stock number/acquisition DBAD/PUB
082 ## - DEWEY DECIMAL CLASSIFICATION NUMBER
Classification number 808.88
100 ## - MAIN ENTRY--PERSONAL NAME
Personal name گلشن عبد ا للہ
245 ## - TITLE STATEMENT
Title مر ز ا محمد ہا د ی ر سو ا کا سما جی وثقا فتی شعو ر
Statement of responsibility, etc گلشن عبد ا للہ
246 ## - VARYING FORM OF TITLE
Title proper/short title Mirza Mohd. Hadi Ruswa Ka Samaji w-Saqafti Sha'oor(Urdu)
Remainder of title by Gulshan Abdullah
260 ## - PUBLICATION, DISTRIBUTION, ETC. (IMPRINT)
Place of publication, distribution, etc N.Delhi
Date of publication, distribution, etc 2020 ء
Name of publisher, distributor, etc Educational Publishing House
270 ## - ADDRESS
Address D1/16,Ansari Road,Darya Ganj,
City New Delhi
Postal code 110002
Fax number -
300 ## - PHYSICAL DESCRIPTION
Extent 384 ص
Dimensions 22 Cm(Hb)
942 ## - ADDED ENTRY ELEMENTS (KOHA)
Source of classification or shelving scheme Dewey Decimal Classification
Item type Urdu Bks
Classification part 808.88
Call number suffix گ ل ش
Holdings
Withdrawn status Lost status Not for loan Collection code Home library Current library Date acquired Source of acquisition Cost, normal purchase price Full call number Barcode Copy number Cost, replacement price Koha item type
    Not For Loan Non-fiction D.B.Act.Division Central Library 23/11/2021 DBAD/PUB 227.00 808.88 گ ل ش U-9895 1 227.00 Urdu Bks

© Delhi Public Library
Hit Counter
free hit counter